Early Printed Music and Material Culture in Central and Western Europe (Record no. 13402)

MARC details
000 -LEADER
fixed length control field 00910nam a2200121Ia 4500
008 - FIXED-LENGTH DATA ELEMENTS--GENERAL INFORMATION
fixed length control field 220615s9999||||xx |||||||||||||| ||und||
245 #0 - TITLE STATEMENT
Title Early Printed Music and Material Culture in Central and Western Europe
546 ## - LANGUAGE NOTE
Language note English[eng]
650 ## - SUBJECT ADDED ENTRY--TOPICAL TERM
Topical term or geographic name entry element Baroque music||European music||early modern Europe||early modern music||early modern music printing||early modern print culture||early music printing||history of print||materiality||material culture||musicology||music history||music printing||Protestant Reformation||polyphonic music||print culture||print studies||Renaissance music||Western music
700 ## - ADDED ENTRY--PERSONAL NAME
Personal name Lindmayr-Brandl, Andrea||McDonald, Grantley
856 ## - ELECTRONIC LOCATION AND ACCESS
Uniform Resource Identifier <a href="https://library.oapen.org/bitstream/20.500.12657/48515/1/9781000387032.pdf||https://library.oapen.org/bitstream/20.500.12657/48515/4/9780429342844.pdf||https://library.oapen.org/bitstream/20.500.12657/48515/4/9780429342844.pdf">https://library.oapen.org/bitstream/20.500.12657/48515/1/9781000387032.pdf||https://library.oapen.org/bitstream/20.500.12657/48515/4/9780429342844.pdf||https://library.oapen.org/bitstream/20.500.12657/48515/4/9780429342844.pdf</a>
942 ## - ADDED ENTRY ELEMENTS (KOHA)
Koha item type E-Books
Holdings
Withdrawn status Lost status Damaged status Not for loan Home library Current library Date acquired Total Checkouts Date last seen Price effective from Koha item type
        Kerala University of Digital Sciences, Innovation and Technology Knowledge Centre Kerala University of Digital Sciences, Innovation and Technology Knowledge Centre 15/06/2022   15/06/2022 15/06/2022 E-Books